Best Country Flags of the World According to the JetPunk Discord - Statistics

General Stats
  • This quiz has been taken 1,079 times
  • The average score is 77 of 196
Answer Stats
Picture Answer % Correct
United Kingdom
98%
Canada
91%
United States
91%
France
87%
Australia
81%
Finland
79%
Norway
78%
Russia
78%
Sweden
78%
Ivory Coast
77%
South Korea
77%
Bangladesh
75%
Greece
75%
Italy
75%
Japan
75%
Denmark
74%
Hungary
74%
Switzerland
72%
Albania
71%
Israel
71%
Nepal
71%
Cyprus
70%
Vatican City
70%
Bhutan
69%
Kosovo
69%
Netherlands
69%
Palau
69%
Jamaica
65%
Tunisia
65%
Algeria
64%
Mexico
64%
Sudan
64%
China
63%
Dominican Republic
62%
Argentina
60%
Azerbaijan
60%
Barbados
60%
Niger
60%
Uruguay
60%
New Zealand
59%
Austria
57%
Czech Republic
57%
Georgia
56%
Liberia
56%
Panama
56%
Egypt
55%
Estonia
55%
Eswatini
55%
Mauritania
55%
Slovakia
55%
Angola
54%
Burkina Faso
54%
Cambodia
54%
Comoros
54%
Liechtenstein
54%
Oman
54%
Papua New Guinea
54%
Philippines
54%
Cuba
53%
Seychelles
53%
Sri Lanka
53%
North Korea
52%
Qatar
52%
Thailand
52%
Trinidad & Tobago
52%
Antigua and Barbuda
51%
Ecuador
51%
Mongolia
51%
Afghanistan
50%
Costa Rica
50%
Haiti
50%
Kazakhstan
50%
Kyrgyzstan
50%
Serbia
50%
Slovenia
50%
Andorra
49%
Belize
49%
Botswana
49%
Chad
49%
Croatia
49%
Marshall Islands
49%
Nicaragua
49%
Romania
49%
Tajikistan
49%
Honduras
48%
Kuwait
48%
Nauru
48%
East Timor
47%
St. Lucia
47%
Colombia
46%
F.S. of Micronesia
46%
Guyana
46%
Kenya
46%
Libya
46%
Burundi
45%
Dominica
45%
Eritrea
45%
Rwanda
45%
Brunei
44%
Spain
44%
Djibouti
43%
Pakistan
43%
Rep. of the Congo
43%
Suriname
43%
Vanuatu
43%
Cameroon
42%
Togo
42%
Sierra Leone
41%
Syria
41%
Solomon Islands
39%
Bahrain
38%
Ghana
38%
Ireland
38%
Malawi
38%
Equatorial Guinea
37%
Gambia
37%
Nigeria
37%
Guinea
36%
Portugal
36%
Mali
34%
Ethiopia
33%
D.R. Congo
32%
Iran
32%
Montenegro
32%
Mozambique
30%
Malta
29%
Gabon
28%
North Macedonia
28%
South Africa
28%
Tonga
28%
Ukraine
28%
Brazil
26%
Poland
26%
Uganda
26%
Saudi Arabia
25%
Singapore
24%
Bulgaria
23%
Lesotho
23%
Belgium
21%
Luxembourg
20%
Bahamas
19%
Belarus
19%
Iceland
18%
Tanzania
18%
Bolivia
17%
Moldova
17%
Lithuania
16%
Morocco
16%
Zambia
16%
South Sudan
15%
Laos
14%
St. Vincent and the Grenadines
14%
Turkey
14%
Vietnam
14%
San Marino
13%
Turkmenistan
13%
Germany
12%
Tuvalu
12%
India
11%
Taiwan
11%
Zimbabwe
10%
El Salvador
9%
Indonesia
9%
Iraq
9%
Myanmar
9%
Jordan
7%
Maldives
7%
Monaco
7%
Somalia
7%
Benin
6%
Bosnia & Herzegovina
6%
Namibia
6%
Armenia
5%
Cape Verde
5%
Grenada
5%
Paraguay
5%
Senegal
5%
St. Kitts & Nevis
5%
United Arab Emirates
5%
Fiji
4%
Guatemala
4%
Latvia
4%
Malaysia
4%
Peru
4%
Uzbekistan
4%
Venezuela
4%
Central African Republic
3%
Chile
3%
Guinea-Bissau
3%
Kiribati
3%
Madagascar
3%
Samoa
3%
Sao Tome & Principe
3%
Yemen
3%
Lebanon
2%
Mauritius
2%
No matching quizzes found
Score Distribution
Percent of People with Each Score
Percentile by Number Answered
Your Score History
You have not taken this quiz